Pachasofia y Runasofia Andina / (Record no. 6103)

000 -CABECERA
fixed length control field 00863nam a22002177a 4500
003 - IDENTIFICADOR DEL NÚMERO DE CONTROL
control field AR-CdUCM
008 - DATOS DE LONGITUD FIJA--INFORMACIÓN GENERAL
fixed length control field 190313b ||||| |||| 00| 0 spa d
040 ## - FUENTE DE LA CATALOGACIÓN
Agencia/entidad que catalogó originalmente la obra MUNICIPALIDAD PROVINCIAL DEL CUSCO
Entidad que transcribió la catalogación BIBLIOTECA MUNICIPAL DEL CUSCO
082 ## - NÚMERO DE LA CLASIFICACIÓN DECIMAL DEWEY
No. de Clasificación 300 /
Notacion interna M22
100 ## - ENTRADA PRINCIPAL--NOMBRE DE PERSONA
Nombre Personal Manrique Enriquez, Fernando
245 ## - MENCIÓN DE TÍTULO
Título Pachasofia y Runasofia Andina /
260 ## - PUBLICACIÓN, DISTRIBUCIÓN, ETC.
Lugar de publicación, distribución, etc. Perú :
Nombre de la editorial, distribuidor, etc. CONCYTEC,
Fecha de publicación, distribución, etc. 2002.
300 ## - DESCRIPCIÓN FÍSICA
Nº de Páginas Extensión 115 páginas ;
Dimensiones 20 cm.
440 ## - MENCIÓN DE SERIE/PUNTO DE ACCESO ADICIONAL--TÍTULO
Título Colección Episteme ;
Número de la parte/sección de una obra 5
9 (RLIN) 17730
505 ## - NOTA DE CONTENIDO CON FORMATO
Nota de contenido formateada Contenido : Culturas Andinas y su ubicación -- Presencia histórica de América y del tawantinsuyo -- La Filosofía y América Precolombina -- Pacha como tierra y como paisaje -- Pacha como imagen espacio - tiempo...
650 ## - PUNTO DE ACCESO ADICIONAL DE MATERIA--TÉRMINO DE MATERIA
Descriptor Culturas Andinas
9 (RLIN) 17731
650 ## - PUNTO DE ACCESO ADICIONAL DE MATERIA--TÉRMINO DE MATERIA
Descriptor Pachamamá
9 (RLIN) 17732
650 ## - PUNTO DE ACCESO ADICIONAL DE MATERIA--TÉRMINO DE MATERIA
Descriptor Filosofía Andina
9 (RLIN) 11655
942 ## - ELEMENTOS DE PUNTO DE ACCESO ADICIONAL (KOHA)
Fuente de clasificación
Tipo de item Libros-BMC
945 ## - PROCESAMIENTO DE INFORMACIÓN LOCAL (OCLC)
Catalogador rtm
Holdings
Estado de retiro (separado) Fuente de clasificación o esquema de estanterías Estado dañado Ubicación Sala donde se ubica Nombre de la colección Fecha de adquisición o compra Costo, precio normal en soles Signatura topográfica Código de Barras Última vez visto (Koha) Tipo de ítem (Koha)
No     Sala Humanidades Sala Humanidades Book Cart 2019-03-13 20.00 300 / M22 SH0000006368 2019-03-13 Libros-BMC
No     Sala Humanidades Sala Humanidades Book Cart 2019-04-09 20.00 300 / M22 / e.2 SH0000010212 2019-04-09 Libros-BMC

Powered by Koha